Mémoires de la Société de Linguistique de Paris. (Record no. 165499)

MARC details
000 -LEADER
campo de control de longitud fija 00660nas a2200193 i 4500
001 - NÚMERO DE CONTROL
campo de control 165499
003 - IDENTIFICADOR DE NÚMERO DE CONTROL
campo de control ES-MaACL
005 - FECHA Y HORA DE LA ÚLTIMA TRANSACCIÓN
campo de control 20250217134827.0
008 - DATOS DE LONGITUD FIJA--INFORMACIÓN GENERAL
campo de control de longitud fija 990610m18681935fr n 000 |fre d
110 2# - ENTRADA PRINCIPAL--NOMBRE DE ENTIDAD CORPORATIVA
Nombre de entidad corporativa o nombre de jurisdicción como elemento de entrada Société de Linguistique de Paris.
9 (RLIN) 134956
245 10 - MENCIÓN DEL TÍTULO
Título Mémoires de la Société de Linguistique de Paris.
260 ## - PUBLICACIÓN, DISTRIBUCIÓN, ETC.
Lugar de publicación, distribución, etc. Paris :
Nombre del editor, distribuidor, etc. Librairie A. Franck,
Fecha de publicación, distribución, etc. 1868-1935 (
Fabricante Typ. de Ad. Lainé et J. Harvard)
300 ## - DESCRIPCIÓN FÍSICA
Extensión 2 v. ;
Dimensiones 24 cm.
310 ## - PERIODICIDAD ACTUAL
Periodicidad actual Irregular
650 #4 - PUNTO DE ACCESO ADICIONAL DE MATERIA--TÉRMINO DE MATERIA
Término de materia o nombre geográfico como elemento de entrada Lingüística.
9 (RLIN) 14463
852 ## - LOCALIZACIÓN
Ubicación ES-MaACL
Número de control de estantería C-10890-91
Nota libre - Enc. hol.
866 #0 - MENCIÓN TEXTUAL DE FONDOS--UNIDAD BIBLIOGRÁFICA BÁSICA
Fondos t. IV, 1881 (VI, 444 p.), t. V, 5e fasc., 1884 (XVI, 460 p.)
Holdings
Estatus retirado Estado de pérdida Estado de daño No para préstamo Colección Biblioteca de origen Biblioteca actual Ubicación en estantería Fecha de adquisición Total de préstamos Signatura topográfica completa Código de barras Visto por última vez Precio de reemplazo Tipo de ítem Koha
        Periódicos y Revistas Biblioteca del Ateneo de Madrid Biblioteca del Ateneo de Madrid Sala Palomar 17/01/2008   C-10890-91 1173558 23/02/2023 23/02/2023 Revista